000 00522ntaaa2200193 4500
003 01
005 20251027201728.0
008 0714s1973 ag 01
040 _aAR-BaBN
_bspa
_cAR-BaBN
_eaacr
_dRIC
082 _a234.7000 M61
100 _aMiller, Alexander
_915834
245 _aThe renewal of man
250 _a1 ed.
260 _aLondon :
_bVictor Gollancz Ltd,
_cc1953, 1956
300 _a184 p
500 _aUn ensayo en el siglo XX sobre la justificación por fe
650 _ajustificación
_913477
942 _cBK
999 _c11951
_d11951